[Event "XXVI Festival A"]
[Site "Arco ITA"]
[Date "2014.10.09"]
[Round "6"]
[White "Pipitone, Antonio"]
[Black "Rahls, Peter"]
[WhiteElo "1955"]
[BlackElo "2265"]
[Result "0-1"]
[PlyCount "118"]
[EventDate "2014.10.04"]

1. e4 c5 2. Nf3 e6 3. d4 cxd4 4. Nxd4 Nf6 5. Bd3 Nc6 6. Be3 d5 7. Nxc6 bxc6 8.
e5 Nd7 9. f4 Bc5 10. Bxc5 Nxc5 11. b4 Nxd3+ 12. Qxd3 O-O 13. Nd2 a5 14. bxa5
Qxa5 15. c3 Ba6 16. Qe3 Qa3 17. Kf2 Qe7 18. a4 c5 19. Rhb1 f6 20. Nf3 fxe5 21.
fxe5 d4 22. cxd4 cxd4 23. Qxd4 Rad8 24. Qb4 Qg5 25. Rd1 Qxe5 26. Rxd8 Qe2+ 27.
Kg3 Rxd8 28. Qe7 Rf8 29. Rc1 Bc4 30. Qc5 Bd5 31. Rc3 h5 32. h4 Qe4 33. Qe3 Qxa4
34. Ne5 Qa2 35. Nf3 Qb1 36. Ng5 Qf5 37. Nf3 Qg4+ 38. Kh2 Kh8 39. Qf2 Qf4+ 40.
Kg1 Rb8 41. g3 Qf6 42. Re3 Rb2 43. Qf1 Qf5 44. Ne1 Qg4 45. Qf8+ Kh7 46. Qa3 Qh3
47. Qd3+ Kh8 48. Re2 Rxe2 49. Qxe2 Qxg3+ 50. Ng2 Qxg2+ 51. Qxg2 Bxg2 52. Kxg2
g6 53. Kf3 Kg7 54. Ke4 Kf6 55. Kf4 e5+ 56. Ke4 Ke6 57. Ke3 Kf5 58. Kf3 e4+ 59.
Ke3 Ke5 0-1

[Event "XXVI Festival A"]
[Site "Arco ITA"]
[Date "2014.10.09"]
[Round "6"]
[White "Popa, Claudiu"]
[Black "Lezzerini, Marco"]
[WhiteElo "2119"]
[BlackElo "1994"]
[Result "1/2-1/2"]
[PlyCount "62"]
[EventDate "2014.10.04"]

1. e4 d5 2. exd5 Nf6 3. d4 Nxd5 4. Nf3 g6 5. Bc4 Bg7 6. c3 O-O 7. O-O Nb6 8.
Bb3 Nc6 9. Re1 h6 10. Na3 Kh7 11. Bf4 a6 12. Ne5 Nxe5 13. dxe5 Qxd1 14. Raxd1
e6 15. Bg3 Bd7 16. Nc4 Bc6 17. Na5 Rfd8 18. Nxc6 bxc6 19. f4 Bf8 20. Bh4 Rxd1
21. Rxd1 Bc5+ 22. Bf2 Bxf2+ 23. Kxf2 h5 24. Kf3 Kg7 25. Bc2 c5 26. b3 Kf8 27.
Be4 Rb8 28. Bc6 a5 29. Ke4 Ke7 30. g3 Rh8 31. h4 Rb8 1/2-1/2

[Event "XXVI Festival A"]
[Site "Arco ITA"]
[Date "2014.10.09"]
[Round "6"]
[White "Reinert, Stephane"]
[Black "De Eccher, Stefano"]
[WhiteElo "2059"]
[BlackElo "2237"]
[Result "1-0"]
[PlyCount "73"]
[EventDate "2014.10.04"]

1. d4 d5 2. Nf3 c6 3. e3 Bf5 4. Bd3 Bxd3 5. Qxd3 Nf6 6. Nbd2 Nbd7 7. b3 g6 8.
Bb2 Bg7 9. O-O O-O 10. Rfe1 Re8 11. e4 dxe4 12. Nxe4 Nxe4 13. Qxe4 Qc7 14. Rad1
Rad8 15. Qh4 Nf6 16. Ng5 h6 17. Ne4 Nxe4 18. Qxe4 c5 19. g3 Qa5 20. Re3 cxd4
21. Red3 e5 22. Qxb7 Qxa2 23. Rf3 f5 24. Ra1 Qxa1+ 25. Bxa1 e4 26. Rf4 Rf8 27.
g4 Be5 28. gxf5 Rf7 29. Qxe4 Bxf4 30. Qxf4 Rxf5 31. Qxh6 Rd6 32. Bxd4 Kf7 33.
Qg7+ Ke8 34. Be3 a5 35. c4 Rf7 36. Qe5+ Kd7 37. Qxa5 1-0

[Event "XXVI Festival A"]
[Site "Arco ITA"]
[Date "2014.10.09"]
[Round "6"]
[White "Renzi, Marco"]
[Black "Medancic, Rikard"]
[WhiteElo "1902"]
[BlackElo "2202"]
[Result "0-1"]
[PlyCount "102"]
[EventDate "2014.10.04"]

1. e4 e5 2. Bc4 Nf6 3. d3 Nc6 4. a3 Be7 5. Nc3 d6 6. Be3 Be6 7. Nd5 a6 8. Nf3
h6 9. h3 b5 10. Ba2 Nb8 11. Qd2 c5 12. O-O Nxd5 13. exd5 Bf5 14. Rfe1 O-O 15.
b4 cxb4 16. axb4 Nd7 17. c4 a5 18. cxb5 axb4 19. Bc4 Rxa1 20. Rxa1 Nc5 21. Bxc5
dxc5 22. Nxe5 Bf6 23. Nc6 Qd6 24. Ra6 Bc8 25. Ra7 Re8 26. g3 Be5 27. Kg2 g5 28.
Qe2 Kg7 29. b6 Qf6 30. Nxe5 Rxe5 31. Qh5 Rf5 32. Qe2 Qxb6 33. Re7 Bb7 34. f3
Bxd5 35. Bxd5 Rxd5 36. Qe4 Qd6 37. Re8 Rxd3 38. h4 Rd2+ 39. Kh3 Qd7+ 40. g4 Qd6
41. Qe5+ Qxe5 42. Rxe5 Rc2 43. hxg5 b3 44. gxh6+ Kxh6 45. Re7 b2 46. Rb7 c4 47.
f4 Rc3+ 48. Kh4 Rb3 49. Rxf7 b1=Q 50. g5+ Kg6 51. Rf6+ Kg7 0-1

[Event "XXVI Festival A"]
[Site "Arco ITA"]
[Date "2014.10.09"]
[Round "6"]
[White "Reyna Hernandez, Sandor"]
[Black "Liekens, Ronny"]
[WhiteElo "1941"]
[BlackElo "1790"]
[Result "1-0"]
[PlyCount "51"]
[EventDate "2014.10.04"]

1. d4 d5 2. c4 e6 3. Nc3 Nf6 4. Bg5 Be7 5. cxd5 exd5 6. e3 c6 7. Bd3 O-O 8. Qc2
Nbd7 9. Nge2 Re8 10. O-O Nf8 11. Bh4 Ng6 12. Bxf6 Bxf6 13. b4 Be6 14. b5 c5 15.
dxc5 Qc7 16. c6 bxc6 17. bxc6 Rec8 18. Ba6 Rd8 19. Bb7 Rab8 20. Rab1 Rxb7 21.
cxb7 Rb8 22. Qa4 Nf8 23. Qxa7 Be7 24. f4 Bd6 25. Nd4 Qd8 26. Nc6 1-0

[Event "XXVI Festival A"]
[Site "Arco ITA"]
[Date "2014.10.09"]
[Round "6"]
[White "Russo, Carmelo"]
[Black "Thonig, Manfred"]
[WhiteElo "1659"]
[BlackElo "1589"]
[Result "0-1"]
[PlyCount "76"]
[EventDate "2014.10.04"]

1. d4 e6 2. c4 f5 3. g3 Nf6 4. Nh3 c6 5. Bg2 Bb4+ 6. Bd2 Bxd2+ 7. Qxd2 O-O 8.
Nf4 Qe8 9. O-O d5 10. Na3 a6 11. Rfe1 Nbd7 12. cxd5 cxd5 13. Rac1 Ne4 14. Qd1
Ndf6 15. f3 Nd6 16. Nd3 Nf7 17. Ne5 Nd7 18. Nxd7 Bxd7 19. e4 Ba4 20. Qd2 Bc6
21. exf5 Nd8 22. fxe6 Qe7 23. f4 Rf6 24. Re5 Rxe6 25. Bxd5 Bxd5 26. Rxd5 Re2
27. Qc3 Qe4 28. Rxd8+ Rxd8 29. Qc4+ Kh8 30. Qxe2 Qxe2 31. Nc4 b5 32. Ne5 Qe3+
33. Kg2 Qxc1 34. Nf7+ Kg8 35. Nxd8 Qxb2+ 36. Kh3 Qxd4 37. Ne6 Qd5 38. f5 Qxf5+
0-1

[Event "XXVI Festival A"]
[Site "Arco ITA"]
[Date "2014.10.09"]
[Round "6"]
[White "Scholz, Herbert"]
[Black "Agostinelli, Andrea"]
[WhiteElo "1897"]
[BlackElo "1717"]
[Result "1/2-1/2"]
[PlyCount "30"]
[EventDate "2014.10.04"]

1. b3 b6 2. Bb2 Bb7 3. e3 e6 4. c4 Nf6 5. Nc3 Be7 6. Nf3 O-O 7. Be2 d5 8. cxd5
Nxd5 9. a3 c5 10. O-O Nc6 11. Rc1 Bf6 12. Qc2 Nxc3 13. dxc3 Rc8 14. Rfd1 Qe7
15. Bd3 h6 1/2-1/2

[Event "XXVI Festival A"]
[Site "Arco ITA"]
[Date "2014.10.09"]
[Round "6"]
[White "Sigillo, Carmelo"]
[Black "Morselli, Stefano"]
[WhiteElo "1737"]
[BlackElo "1904"]
[Result "0-1"]
[PlyCount "76"]
[EventDate "2014.10.04"]

1. e4 d6 2. d4 Nf6 3. Nc3 g6 4. Bc4 Bg7 5. Qe2 Nc6 6. Nf3 e5 7. dxe5 Nxe5 8.
Nxe5 dxe5 9. O-O c6 10. Rd1 Qc7 11. a4 O-O 12. Bg5 h6 13. Bh4 Qb6 14. Qe3 Qxe3
15. fxe3 Bg4 16. Rd6 g5 17. Bg3 Ne8 18. Rd2 Nc7 19. Rf1 Ne6 20. h3 Bh5 21. Rd7
Nc5 22. Re7 Nxa4 23. Bxf7+ Rxf7 24. Rfxf7 Bxf7 25. Nxa4 b5 26. Nc3 Bf6 27. Rd7
Be8 28. Rd6 Kf7 29. Kf2 Ke7 30. Rd3 a5 31. Ne2 a4 32. b4 a3 33. Rd1 Bf7 34. Ra1
a2 35. Nc1 Ra4 36. c3 Ra3 37. Kf3 Rxc3 38. Nxa2 Ra3 0-1

[Event "XXVI Festival A"]
[Site "Arco ITA"]
[Date "2014.10.09"]
[Round "6"]
[White "Simeone, Giulio"]
[Black "Ager, Josef"]
[WhiteElo "1991"]
[BlackElo "2125"]
[Result "1/2-1/2"]
[PlyCount "111"]
[EventDate "2014.10.04"]

1. c4 d6 2. d4 e5 3. dxe5 dxe5 4. Qxd8+ Kxd8 5. Nf3 f6 6. Nc3 c6 7. e4 Be6 8.
Be3 Nd7 9. O-O-O Kc7 10. Be2 g5 11. h3 Nh6 12. h4 g4 13. Nh2 Rg8 14. g3 Nb6 15.
b3 Nf7 16. h5 a5 17. Kb2 Bh6 18. Bc5 Rae8 19. Rd3 Nd7 20. Ba3 Nb8 21. Nd1 Rg5
22. Ne3 Reg8 23. Rhd1 Nd7 24. Be7 Bf8 25. Bxf8 Nxf8 26. a3 Nh6 27. Rd8 Nd7 28.
Rxg8 Rxg8 29. b4 b6 30. Kc3 Rg5 31. Rd2 Nf8 32. b5 Nd7 33. bxc6 Kxc6 34. Nd5
Bxd5 35. exd5+ Kd6 36. Rb2 f5 37. Nf1 Rxh5 38. Ne3 Kc7 39. Bd3 f4 40. gxf4 exf4
41. Ng2 f3 42. Nf4 Rh2 43. Bxh7 Kd6 44. Bg6 Ke5 45. Nd3+ Kd6 46. Be8 Nf5 47.
Bxd7 Ne3 48. Bxg4 Nd1+ 49. Kb3 Nxb2 50. Kxb2 Rh4 51. Bxf3 Rxc4 52. Kb3 Rd4 53.
Kc3 Ra4 54. Kb3 Rd4 55. Kc3 Ra4 56. Kb3 1/2-1/2

[Event "XXVI Festival A"]
[Site "Arco ITA"]
[Date "2014.10.09"]
[Round "6"]
[White "Sprotte, Norbert"]
[Black "Knors, Rudi"]
[WhiteElo "2186"]
[BlackElo "2099"]
[Result "1-0"]
[PlyCount "73"]
[EventDate "2014.10.04"]

1. d4 d5 2. Nf3 Nf6 3. c4 c6 4. e3 e6 5. b3 Bd6 6. Bb2 O-O 7. Bd3 Nbd7 8. O-O
Qe7 9. Ne5 Re8 10. Nd2 Nf8 11. f4 N6d7 12. e4 f6 13. Nxd7 Qxd7 14. e5 Be7 15.
exf6 Bxf6 16. c5 Qc7 17. Qc2 a5 18. g3 g5 19. fxg5 Bxg5 20. Nf3 Bf6 21. Rae1
Qg7 22. Ne5 Bxe5 23. Rxe5 Bd7 24. Bc1 Re7 25. Bg5 Rf7 26. Rxf7 Qxf7 27. Bf4 Qf6
28. Qf2 Be8 29. Qe3 Bg6 30. Rg5 Kf7 31. Be5 Qe7 32. Rg4 Ke8 33. Bd6 Qg7 34.
Bxf8 Kxf8 35. Bxg6 hxg6 36. Qxe6 Qf7 37. Rf4 1-0

[Event "XXVI Festival A"]
[Site "Arco ITA"]
[Date "2014.10.09"]
[Round "6"]
[White "Stiefel, Roland"]
[Black "Astengo, Corrado"]
[WhiteElo "2037"]
[BlackElo "2129"]
[Result "1/2-1/2"]
[PlyCount "68"]
[EventDate "2014.10.04"]

1. d4 d5 2. Nf3 Nf6 3. Bf4 g6 4. e3 Bg7 5. Nbd2 O-O 6. h3 c5 7. c3 b6 8. Be2
Nc6 9. O-O Bb7 10. Ne5 Nd7 11. Nxd7 Qxd7 12. Nf3 Rad8 13. Qc2 f6 14. Rad1 e5
15. dxe5 fxe5 16. Bg5 Rde8 17. Nh2 Kh8 18. Bf3 d4 19. exd4 exd4 20. Qd2 Qf7 21.
a3 Qc4 22. Bh6 dxc3 23. Bxg7+ Kxg7 24. bxc3 Re7 25. Rfe1 Rxe1+ 26. Rxe1 Qf4 27.
Qe2 Rf7 28. Qc2 Na5 29. Bxb7 Nxb7 30. Re4 Qf5 31. g4 Qf6 32. Re3 Re7 33. Qe2
Rxe3 34. Qxe3 h6 1/2-1/2

[Event "XXVI Festival A"]
[Site "Arco ITA"]
[Date "2014.10.09"]
[Round "6"]
[White "Vaccari, Giorgio"]
[Black "Buglisi, Massimo"]
[WhiteElo "1712"]
[BlackElo "1923"]
[Result "0-1"]
[PlyCount "56"]
[EventDate "2014.10.04"]

1. e4 d6 2. d4 Nf6 3. Nc3 g6 4. Nf3 Bg7 5. h3 O-O 6. Be2 c5 7. dxc5 Qa5 8. O-O
Qxc5 9. Be3 Qa5 10. Bd3 Nc6 11. a3 Bd7 12. b4 Qd8 13. Rb1 Rc8 14. Ne2 d5 15.
exd5 Nxd5 16. Bd2 e5 17. c4 Nb6 18. Qb3 Be6 19. Qc2 h6 20. c5 Nd5 21. Rbd1 f5
22. Bc4 e4 23. Nh2 Qh4 24. Bxd5 Bxd5 25. Nf4 Bf7 26. Be3 Rfd8 27. Rxd8+ Rxd8
28. Rd1 Nd4 $138 0-1

[Event "XXVI Festival A"]
[Site "Arco ITA"]
[Date "2014.10.09"]
[Round "6"]
[White "Vezzosi, Paolo"]
[Black "Anguera Maestro, Jaime"]
[WhiteElo "2284"]
[BlackElo "2058"]
[Result "1-0"]
[PlyCount "133"]
[EventDate "2014.10.04"]

1. e4 g6 2. d4 Bg7 3. c4 d6 4. Nc3 e5 5. dxe5 dxe5 6. Qxd8+ Kxd8 7. Be3 c6 8.
O-O-O+ Nd7 9. g3 Kc7 10. Bh3 Ne7 11. Nf3 f6 12. Rd2 Nb6 13. Bxc8 Raxc8 14. Bc5
Rce8 15. Bd6+ Kc8 16. c5 Nd7 17. Kc2 Nf8 18. b4 Ne6 19. a4 g5 20. a5 g4 21. Nh4
Nd4+ 22. Kb1 Ng6 23. Nf5 Nxf5 24. exf5 Ne7 25. Bxe7 Rxe7 26. Ne4 Rd8 27. Rhd1
Rxd2 28. Rxd2 Rd7 29. Nd6+ Kb8 30. Kc2 Bf8 31. Ne4 Rxd2+ 32. Kxd2 Be7 33. Kc3
Kc7 34. Kc4 a6 35. Kd3 Kd7 36. Ke2 Ke8 37. Kf1 Kf7 38. Kg2 Bf8 39. h3 h5 40.
hxg4 hxg4 41. Kf1 Bh6 42. Ke2 Bc1 43. Nd6+ Ke7 44. Nc4 Kd7 45. Kd1 Bg5 46. Nd6
Bh6 47. Ne4 Ke7 48. Kc2 Bg7 49. Kc3 Kd7 50. Kc4 Kc7 51. Nd6 Kd7 52. Kc3 Bf8 53.
Ne4 Ke7 54. Nd2 Kf7 55. Nf1 Kg7 56. Ne3 Kh6 57. Nxg4+ Kg5 58. Ne3 Bh6 59. Kd3
Kh5 60. f3 Bxe3 61. Kxe3 Kg5 62. Ke4 Kh6 63. f4 exf4 64. Kxf4 Kh5 65. g4+ Kh4
66. g5 fxg5+ 67. Ke5 1-0

[Event "XXVI Festival A"]
[Site "Arco ITA"]
[Date "2014.10.09"]
[Round "6"]
[White "Wagner, Frank"]
[Black "Trauth, Michael"]
[WhiteElo "1898"]
[BlackElo "2166"]
[Result "0-1"]
[PlyCount "57"]
[EventDate "2014.10.04"]

1. b3 e5 2. Bb2 d6 3. e4 f5 4. exf5 Nc6 5. Qh5+ Kd7 6. Nc3 Nf6 7. Qf7+ Qe7 8.
Bc4 Qxf7 9. Bxf7 Ke7 10. Be6 Bxe6 11. fxe6 Kxe6 12. Nge2 Re8 13. f3 g6 14.
O-O-O Bh6 15. Kb1 Kd7 16. Rhe1 Bg7 17. Ne4 Rhf8 18. Nxf6+ Bxf6 19. Nc3 Bg7 20.
Nd5 Nd8 21. d4 c6 22. Ne3 e4 23. fxe4 Rxe4 24. d5 Bxb2 25. dxc6+ Nxc6 26. Kxb2
Rfe8 27. Rd3 Nb4 28. Rc3 d5 29. Rc5 0-1

[Event "XXVI Festival A"]
[Site "Arco ITA"]
[Date "2014.10.09"]
[Round "6"]
[White "Zangrando, Gianpietro"]
[Black "Weiland, Guenter"]
[WhiteElo "1864"]
[BlackElo "1953"]
[Result "1-0"]
[PlyCount "81"]
[EventDate "2014.10.04"]

1. Nf3 Nf6 2. c4 c5 3. Nc3 g6 4. g3 Bg7 5. Bg2 O-O 6. O-O Nc6 7. Rb1 d6 8. d3
Bd7 9. a3 Qc8 10. Nd5 Bh3 11. b4 Bxg2 12. Kxg2 e6 13. Nxf6+ Bxf6 14. bxc5 dxc5
15. Bb2 e5 16. Nd2 Be7 17. Ne4 f5 18. Nc3 Rf7 19. Nd5 Bd6 20. f4 Qe6 21. e3 Re8
22. Re1 Ne7 23. Nc3 Bb8 24. Qf3 Rd8 25. Rbd1 Nc6 26. Nd5 e4 27. dxe4 fxe4 28.
Qe2 h5 29. Ba1 Rdf8 30. Qb2 Kh7 31. h3 g5 32. Rf1 gxf4 33. Nxf4 Bxf4 34. Rxf4
Rg8 35. Rd5 Qg6 36. Qf2 Rfg7 37. Bxg7 Rxg7 38. Rff5 Kg8 39. Rf6 Qe8 40. Rdf5
Kh7 41. Qf4 1-0

[Event "XXVI Festival A"]
[Site "Arco ITA"]
[Date "2014.10.09"]
[Round "6"]
[White "Zenatto, Giuliano"]
[Black "Rocchetti, Marco"]
[WhiteElo "1732"]
[BlackElo "1854"]
[Result "0-1"]
[PlyCount "112"]
[EventDate "2014.10.04"]

1. d4 Nf6 2. c4 d6 3. Nc3 Nbd7 4. a3 e5 5. dxe5 dxe5 6. e3 c6 7. b4 Be7 8. Bd3
Qc7 9. Nge2 O-O 10. O-O Rd8 11. Qc2 Nf8 12. Bb2 Ng4 13. Ng3 Ng6 14. Rad1 Bh4
15. Qc1 Bg5 16. Nce4 Be7 17. h3 Nf6 18. Rd2 Nxe4 19. Bxe4 Rxd2 20. Qxd2 Be6 21.
c5 Rd8 22. Qc2 Nf8 23. Rd1 g6 24. Rxd8 Bxd8 25. Qd3 Be7 26. Nf1 f5 27. Nd2 fxe4
28. Qxe4 Nd7 29. Qd3 Bd5 30. e4 Be6 31. Nc4 Bxc4 32. Qxc4+ Kg7 33. Qe6 Bf6 34.
g4 h6 35. Bc1 Qd8 36. Kg2 Qe7 37. Qc4 Bh4 38. Bb2 Qf7 39. Qe2 Bg5 40. f3 Qf4
41. Qf2 Qd2 42. Qxd2 Bxd2 43. Kf2 Bf4 44. h4 Kf6 45. Bc3 b6 46. cxb6 Nxb6 47.
Ke2 Ke6 48. Kd3 Kd6 49. Be1 h5 50. Bf2 Kc7 51. Kc3 a6 52. Kd3 Bc1 53. Bxb6+
Kxb6 54. a4 a5 55. bxa5+ Kxa5 56. Kc4 Be3 0-1

[Event "XXVI Festival A"]
[Site "Arco ITA"]
[Date "2014.10.09"]
[Round "6"]
[White "Zucchelli, Massimo"]
[Black "Occari, Maurizio"]
[WhiteElo "2190"]
[BlackElo "2036"]
[Result "1-0"]
[PlyCount "63"]
[EventDate "2014.10.04"]

1. d4 g6 2. c4 Bg7 3. Nc3 d6 4. e4 Nf6 5. Be2 O-O 6. Bg5 c6 7. Qd2 a6 8. Nf3 b5
9. a3 Re8 10. O-O Bb7 11. Rae1 bxc4 12. Bxc4 e6 13. Be2 Qb6 14. Qf4 Nbd7 15.
Bxf6 Nxf6 16. Qxd6 Qxb2 17. Qc5 Bf8 18. Qc4 Qxa3 19. Rb1 Rab8 20. Rb3 Qa5 21.
Rfb1 Qc7 22. e5 Nd7 23. R3b2 a5 24. Ng5 Bb4 25. Qd3 Qd8 26. Nce4 Kg7 27. Bg4
Rh8 28. Bxe6 Bc8 29. Nxf7 Qe7 30. Qh3 c5 31. Qh6+ Kg8 32. Nfg5+ 1-0

[Event "XXVI Festival A"]
[Site "Arco ITA"]
[Date "2014.10.10"]
[Round "7"]
[White "Agostinelli, Andrea"]
[Black "Del Nevo, Claudio"]
[WhiteElo "1717"]
[BlackElo "1832"]
[Result "0-1"]
[PlyCount "70"]
[EventDate "2014.10.04"]

1. c4 d6 2. g3 Nf6 3. Bg2 g6 4. Nf3 Bg7 5. O-O O-O 6. Nc3 c6 7. Rb1 Qc7 8. d3
Nbd7 9. Bd2 b6 10. b4 Bb7 11. Qb3 c5 12. a4 cxb4 13. Nb5 Qc8 14. Bxb4 Nc5 15.
Qa3 Bc6 16. Rfc1 Qd7 17. Bxc5 bxc5 18. e4 Ng4 19. Nd2 a6 20. Nc3 Bd4 21. h3
Nxf2 22. Kh2 Nxd3 23. Rf1 Ne5 24. Ne2 Bxa4 25. Nxd4 cxd4 26. c5 Bb5 27. Rfd1
dxc5 28. Qxc5 Nd3 29. Qa3 e5 30. Nf3 Nf2 31. Nxe5 Qe6 32. Rd2 Qxe5 33. Rxf2
Rad8 34. Rd2 Rc8 35. Qb2 Rc3 0-1

[Event "XXVI Festival A"]
[Site "Arco ITA"]
[Date "2014.10.10"]
[Round "7"]
[White "Anguera Maestro, Jaime"]
[Black "Zucchelli, Massimo"]
[WhiteElo "2058"]
[BlackElo "2190"]
[Result "1/2-1/2"]
[PlyCount "159"]
[EventDate "2014.10.04"]

1. d4 Nf6 2. Nf3 d5 3. e3 c5 4. c3 Nbd7 5. Bd3 g6 6. O-O Bg7 7. Nbd2 O-O 8. h3
b6 9. b3 Bb7 10. Bb2 Ne4 11. c4 cxd4 12. exd4 Nxd2 13. Nxd2 Nc5 14. Be2 Ne6 15.
Nf3 Nf4 16. Re1 Rc8 17. Bf1 Rc7 18. g3 Ne6 19. Ne5 Ng5 20. h4 Ne4 21. Bg2 f5
22. Bc1 Bxe5 23. dxe5 dxc4 24. Bh6 Qxd1 25. Rexd1 Rfc8 26. bxc4 Kf7 27. Bf1 Ba6
28. Bf4 Ke6 29. f3 Nc3 30. Rd3 Na4 31. Ra3 Nc5 32. Be3 Bb7 33. Be2 Bc6 34. Bxc5
bxc5 35. f4 Rb8 36. Rb3 Rd8 37. Rd1 Rxd1+ 38. Bxd1 Rd7 39. Bf3 Bxf3 40. Rxf3
Rd1+ 41. Rf1 Rd3 42. Kg2 Rc3 43. Rf3 Rc2+ 44. Kh3 Rxa2 45. Rc3 a5 46. g4 a4 47.
h5 fxg4+ 48. Kxg4 Ra1 49. hxg6 hxg6 50. Kg5 a3 51. Rg3 Kf7 52. Kg4 Rc1 53. Rxa3
Rxc4 54. Ra6 Rc1 55. Rc6 c4 56. Kf3 c3 57. Ke2 c2 58. Kd2 Rf1 59. Kxc2 Rxf4 60.
Kd3 g5 61. Ke3 Rf1 62. Ke4 e6 63. Ke3 Re1+ 64. Kd4 g4 65. Ra6 Re2 66. Rb6 Rf2
67. Ke4 Rf1 68. Ra6 g3 69. Ra2 Rf2 70. Ra3 g2 71. Rg3 Ra2 72. Rg5 Re2+ 73. Kf3
Rxe5 74. Rxg2 Kf6 75. Rg8 Re1 76. Kf4 e5+ 77. Kf3 Ra1 78. Rf8+ Ke7 79. Rh8 Kd7
80. Rh6 1/2-1/2

[Event "XXVI Festival A"]
[Site "Arco ITA"]
[Date "2014.10.10"]
[Round "7"]
[White "Antoniacci, Riccardo"]
[Black "Goli, Daniele"]
[WhiteElo "1844"]
[BlackElo "1973"]
[Result "0-1"]
[PlyCount "64"]
[EventDate "2014.10.04"]

1. e4 c6 2. d4 d5 3. exd5 cxd5 4. c4 Nf6 5. Nc3 Nc6 6. Bg5 dxc4 7. d5 Ne5 8.
Qd4 Nd3+ 9. Bxd3 cxd3 10. Nf3 e6 11. O-O Be7 12. Rad1 O-O 13. Rxd3 exd5 14. Re1
Be6 15. Qe5 Qb6 16. Nd4 Ng4 17. Qg3 Bxg5 18. h3 Nxf2 19. Qxf2 Bf6 20. Kh1 Rac8
21. Rf1 Rc4 22. Nce2 Re8 23. b3 Rcc8 24. Qg3 Kh8 25. Qf3 a6 26. g4 Qd8 27. Ng3
Bxd4 28. Rxd4 Rc2 29. Nf5 Bxf5 30. Qxf5 Ree2 31. Rff4 Rc1+ 32. Rf1 Qc7 0-1

[Event "XXVI Festival A"]
[Site "Arco ITA"]
[Date "2014.10.10"]
[Round "7"]
[White "Astengo, Corrado"]
[Black "Simeone, Giulio"]
[WhiteElo "2129"]
[BlackElo "1991"]
[Result "0-1"]
[PlyCount "56"]
[EventDate "2014.10.04"]

1. e4 c6 2. d4 d5 3. exd5 cxd5 4. c4 Nf6 5. Nc3 g6 6. cxd5 Nxd5 7. Bc4 Nb6 8.
Bb3 Bg7 9. Nf3 O-O 10. h3 Nc6 11. Be3 Bf5 12. O-O Qd6 13. Rc1 Rad8 14. Re1 Nb4
15. Nh4 Bc8 16. Bg5 Qxd4 17. Bxe7 Nd3 18. Bxd8 Qxf2+ 19. Kh1 Nxc1 20. Rf1 Qxb2
21. Bxb6 Nxb3 22. Nd5 axb6 23. Ne7+ Kh8 24. Nxc8 Nc5 25. Nd6 Qxa2 26. Qf3 Kg8
27. Nxb7 Nxb7 28. Qxb7 Qc4 0-1

[Event "XXVI Festival A"]
[Site "Arco ITA"]
[Date "2014.10.10"]
[Round "7"]
[White "Battistella, Stefano"]
[Black "Zangrando, Gianpietro"]
[WhiteElo "2045"]
[BlackElo "1864"]
[Result "1-0"]
[PlyCount "76"]
[EventDate "2014.10.04"]

1. Nf3 g6 2. d4 Bg7 3. e4 d6 4. c4 Nf6 5. Nc3 O-O 6. h3 Nbd7 7. Bg5 c6 8. Be2
h6 9. Be3 e5 10. dxe5 dxe5 11. Qd2 Kh7 12. Rd1 Qe7 13. O-O Ne8 14. Qc2 Nc5 15.
b4 Ne6 16. a3 Nf4 17. Bc5 Qe6 18. Bxf8 Bxf8 19. Rfe1 Nxg2 20. Kxg2 Qxh3+ 21.
Kg1 Be7 22. Rd3 Qg4+ 23. Kh1 Nf6 24. Rg1 Qf4 25. Qd2 Nxe4 26. Qxf4 Nxf2+ 27.
Kg2 exf4 28. Kxf2 Bf5 29. Rd2 Bf6 30. Na4 h5 31. Nc5 Re8 32. Bd3 Bg4 33. Ne4
Bd8 34. Re1 Kg7 35. Rde2 h4 36. Nd6 Rh8 37. Re8 Rxe8 38. Nxe8+ Kh6 1-0

[Event "XXVI Festival A"]
[Site "Arco ITA"]
[Date "2014.10.10"]
[Round "7"]
[White "Beltrami, Nerio"]
[Black "Karl, Hans"]
[WhiteElo "1909"]
[BlackElo "2105"]
[Result "0-1"]
[PlyCount "79"]
[EventDate "2014.10.04"]

1. e4 e5 2. Nf3 Nc6 3. Bb5 a6 4. Bxc6 dxc6 5. O-O f6 6. d4 exd4 7. Nxd4 c5 8.
Nb3 Qxd1 9. Rxd1 Bd6 10. Na5 b5 11. c4 Ne7 12. Be3 Rb8 13. Nc3 Be6 14. b3 Kf7
15. f4 Rhd8 16. Nd5 Bd7 17. Rd3 Nc6 18. Nxc6 Bxc6 19. Rad1 Re8 20. e5 bxc4 21.
bxc4 fxe5 22. f5 Rb2 23. R1d2 Reb8 24. Rxb2 Rxb2 25. Rd2 Rxd2 26. Bxd2 Bxd5 27.
cxd5 Kf6 28. g4 e4 29. Bc3+ Be5 30. Bd2 Bd4+ 31. Kf1 Ke5 32. Ke2 Kxd5 33. h4
Ke5 34. Bg5 c4 35. h5 c5 36. h6 gxh6 37. Bxh6 Kf6 38. Bc1 h5 39. gxh5 Kxf5 40.
h6 0-1

[Event "XXVI Festival A"]
[Site "Arco ITA"]
[Date "2014.10.10"]
[Round "7"]
[White "Bisignano, Giuseppe"]
[Black "Alkhaldi, Bader"]
[WhiteElo "1837"]
[BlackElo "1932"]
[Result "0-1"]
[PlyCount "102"]
[EventDate "2014.10.04"]

1. e4 d6 2. d4 Nf6 3. Nc3 c6 4. h3 e5 5. Nf3 Nbd7 6. Be3 Be7 7. Qd2 a5 8. d5
cxd5 9. exd5 O-O 10. Bb5 Ne8 11. O-O-O Nc7 12. Be2 b5 13. Nxb5 Nxb5 14. Bxb5
Rb8 15. Be2 Qc7 16. Kb1 Nc5 17. Bxc5 Qxc5 18. Qe3 Qc7 19. g4 Bd7 20. Nd2 Qb7
21. b3 a4 22. Nc4 axb3 23. cxb3 Bb5 24. h4 Bxc4 25. Bxc4 Bd8 26. f4 Qb4 27. Rc1
exf4 28. Qxf4 Bf6 29. Qf5 Be5 30. Rc2 g6 31. Qd3 Bg7 32. h5 Rfe8 33. Qd2 Qb6
34. Rf1 Re7 35. hxg6 hxg6 36. Qf4 Rbe8 37. Re2 Qb4 38. Rxe7 Rxe7 39. Qc1 Qa5
40. a4 Qa7 41. Ka2 Qd4 42. g5 Qe5 43. Qd2 Qg3 44. a5 Bc3 45. Qc2 Bxa5 46. Rh1
Bc3 47. Bb5 Qxg5 48. Rc1 Qxd5 49. Qxc3 Qxb5 50. Rh1 Re2+ 51. Kb1 Qf5+ 0-1

[Event "XXVI Festival A"]
[Site "Arco ITA"]
[Date "2014.10.10"]
[Round "7"]
[White "Blasco, Domenico"]
[Black "Sigmund, Ingenuin"]
[WhiteElo "1899"]
[BlackElo "1802"]
[Result "1-0"]
[PlyCount "85"]
[EventDate "2014.10.04"]

1. d4 e6 2. Nf3 Nf6 3. e3 b6 4. Bd3 Bb7 5. O-O Be7 6. b3 d5 7. Bb2 Nbd7 8. Nbd2
O-O 9. Ne5 Ne8 10. Ba6 Nxe5 11. Bxb7 Rb8 12. Ba6 Nd7 13. Bd3 f5 14. c4 Rf6 15.
cxd5 exd5 16. Rc1 Bd6 17. g3 Qe7 18. Qf3 Qf7 19. Bb5 Nf8 20. Bc6 Kh8 21. Bxd5
Qe7 22. Bc4 g5 23. Qd5 Ne6 24. e4 Bb4 25. Rcd1 N8g7 26. exf5 Rxf5 27. Qe4 Qf6
28. a3 Bd6 29. Rb1 Nf8 30. d5 Be5 31. Bxe5 Rxe5 32. Qd4 Qe7 33. Nf3 Re4 34.
Rfe1 Rxd4 35. Rxe7 Nf5 36. Rxc7 Re4 37. Nxg5 Re7 38. Rxe7 Nxe7 39. a4 Kg7 40.
Re1 Kf6 41. Ne6 a6 42. Nxf8 Rxf8 43. Re6+ 1-0

[Event "XXVI Festival A"]
[Site "Arco ITA"]
[Date "2014.10.10"]
[Round "7"]
[White "Bruno, Fabio"]
[Black "Vezzosi, Paolo"]
[WhiteElo "2422"]
[BlackElo "2284"]
[Result "1-0"]
[PlyCount "115"]
[EventDate "2014.10.04"]

1. d4 Nf6 2. c4 c6 3. Bf4 g6 4. e3 Bg7 5. Nc3 O-O 6. Nf3 d6 7. Be2 Nbd7 8. h3
Qe8 9. O-O e5 10. Bh2 Qe7 11. Qc2 Re8 12. c5 dxc5 13. dxe5 Nd5 14. Nxd5 cxd5
15. Rad1 Nb6 16. Rc1 Bf8 17. Rfd1 Be6 18. Bg3 h6 19. Nh2 Rec8 20. h4 Bg7 21. h5
Bf5 22. Bd3 Bxd3 23. Qxd3 Bxe5 24. Bxe5 Qxe5 25. hxg6 f5 26. Nf1 Rc6 27. Ng3
Rf8 28. Nh5 c4 29. Qa3 Rxg6 30. Nf4 Rd6 31. Qxa7 d4 32. Rxd4 Rxd4 33. Qxb6 Rd6
34. Qxb7 Qc5 35. Qf3 Rfd8 36. Qh5 Rf6 37. Rc3 Qb4 38. Qe2 Rb6 39. Kh2 Rc8 40.
Rc2 c3 41. bxc3 Qe7 42. Qh5 Qg5 43. Qh3 Rd8 44. c4 Rd1 45. Qh5 Qxh5+ 46. Nxh5
Kf7 47. Nf4 Rbb1 48. Ne2 Kf6 49. Kg3 Rd8 50. c5 Rg8+ 51. Kf3 Rb4 52. c6 Rc8 53.
Nd4 Ra4 54. Rc5 Rxa2 55. Rxf5+ Kg6 56. g4 Ra1 57. Ke4 Rc1 58. Kd5 1-0

[Event "XXVI Festival A"]
[Site "Arco ITA"]
[Date "2014.10.10"]
[Round "7"]
[White "Buglisi, Massimo"]
[Black "Brioschi, Camillo"]
[WhiteElo "1923"]
[BlackElo "1782"]
[Result "1-0"]
[PlyCount "55"]
[EventDate "2014.10.04"]

1. d4 Nf6 2. c4 e6 3. Nc3 Bb4 4. f3 d5 5. a3 Bxc3+ 6. bxc3 Nbd7 7. cxd5 exd5 8.
e3 O-O 9. Bd3 c5 10. Ne2 b6 11. O-O Bb7 12. Ng3 Re8 13. Ra2 cxd4 14. cxd4 Rc8
15. Re2 Nf8 16. Bb2 Ng6 17. Qd2 Qc7 18. Qb4 Qe7 19. Qxe7 Rxe7 20. Nf5 Re6 21.
Rc1 Rxc1+ 22. Bxc1 Ne7 23. Ng3 Rc6 24. Bd2 a6 25. e4 dxe4 26. fxe4 b5 27. d5
Rd6 28. e5 1-0